UBT Library

Cellular antioxidant defense mechanisms / (Record no. 42681)

000 -LEADER
fixed length control field 00591cam a2200217 a 4500
001 - CONTROL NUMBER
control field 1006924
005 - DATE AND TIME OF LATEST TRANSACTION
control field 20180215075057.0
008 - FIXED-LENGTH DATA ELEMENTS--GENERAL INFORMATION
fixed length control field 871210s1988 flua b 001 0 eng
010 ## - LIBRARY OF CONGRESS CONTROL NUMBER
LC control number 87035715
020 ## - INTERNATIONAL STANDARD BOOK NUMBER
International Standard Book Number 0849369169 (v. 1)
040 ## - CATALOGING SOURCE
Original cataloging agency DLC
Transcribing agency DLC
Modifying agency DLC
041 ## - LANGUAGE CODE
Language code of text/sound track or separate title eng
080 ## - UNIVERSAL DECIMAL CLASSIFICATION NUMBER
Universal Decimal Classification number 616.07 CHOW
082 00 - DEWEY DECIMAL CLASSIFICATION NUMBER
Classification number 616.07 CHOW
Edition number 19
100 ## - Rafti
Rafti 12
101 ## - Shkurtesa
Shkurtesa KIMI
245 00 - TITLE STATEMENT
Title Cellular antioxidant defense mechanisms /
Statement of responsibility, etc editor, Ching Kuang Chow.
504 ## - BIBLIOGRAPHY, ETC. NOTE
Bibliography, etc Includes bibliographies and indexes.
906 ## - LOCAL DATA ELEMENT F, LDF (RLIN)
a 7
b cbc
c orignew
d 1
e ocip
f 19
g y-gencatlg
942 ## - ADDED ENTRY ELEMENTS (KOHA)
Source of classification or shelving scheme
Item type Books
Holdings
Withdrawn status Lost status Source of classification or shelving scheme Damaged status Not for loan Collection code Permanent location Current location Shelving location Date acquired Total Checkouts Full call number Barcode Date last seen Price effective from Koha item type
          Koleksioni i përgjithshem UBT - Lipjan UBT - Lipjan Koleksioni i përgjithshem 02/15/2018   616.07 CHOW 002-2998476 02/15/2018 02/15/2018 Books
UBT Library © 2015-2024. All rights reserved University Education for Business and Technology